Quiz o piłce (trudny) - Statystyki

Ogólne statystyki
  • Ten quiz został rozwiązany 60 razy
  • Średni wynik to 7 z 15
Statystyki odpowiedzi
Zagadnienie Odpowiedź % Poprawnych
Na jakim mundialu polska zdobyła brązowy medal 1974
76%
Kto strzelał gole w finale Ligi mistrzów 18/19 Origi i Salah
76%
W którym roku Figo wygrał złotą piłke 2000
71%
Jaki był ostatni mecz wygrany przez Polskę na Euro Polska ⁵1:1⁴ Szwajcaria
71%
Top 3 w lidze czeskiej 23/24 1 Sparta Praga 2 Slavia Praga 3 Viktoria Pilzno
67%
Kto był gospodarzem Mundialu w 1998 Francja
62%
W jakim z tych klubów zagrał Luis Suarez Groningen
52%
Kto strzelał gole dla Manchesteru United w słynnym finale 98/99 Sheringham i Solskjær
52%
Jaki był wynik finału ligi Europy 21/22 Eintracht Frankfurt ⁵1:1⁴ Rangers
38%
W sezonie 03/04 mistrzem Niemiec był Werder Bremen
38%
Kto był trenerem Bayernu w sezonie 10/11 Val Gaal
33%
Ile mistrzostw na swoim koncie ma Atletico Madrid 11
29%
Kto wygrał złotego buta 19/20 Immobile
29%
Uważanym za najlepszy wolny transfer w historii jest Lewandowski do Bayernu
29%
Na Olimpiadzie najwięcej złotych medali ma Węgrzy
10%
Nie znaleziono quizów pasujących do podanych kryteriów
Rozkład punktacji
Procent ludzi z każdym wynikiem
Percentyl według liczby udzielonych odpowiedzi
Twoja historia wyników
Nie rozwiązałeś tego quizu